How clouds hold it together : (رقم التسجيلة. 146616)
[ عرض عادي ]
| 000 -LEADER | |
|---|---|
| fixed length control field | 01243cam a22003017i 4500 |
| 008 - FIXED-LENGTH DATA ELEMENTS--GENERAL INFORMATION | |
| fixed length control field | 160813s2015 caua f b 001 0 eng d |
| 010 ## - LIBRARY OF CONGRESS CONTROL NUMBER | |
| LC control number | 2016439343 |
| 020 ## - INTERNATIONAL STANDARD BOOK NUMBER | |
| International Standard Book Number | 9781430261667 |
| 040 ## - CATALOGING SOURCE | |
| Original cataloging agency | CDX |
| Language of cataloging | eng |
| Transcribing agency | CDX |
| Modifying agency | YDXCP |
| -- | OCLCO |
| -- | OCLCF |
| -- | OCLCQ |
| -- | WSU |
| -- | S4S |
| -- | DLC |
| Description conventions | rda |
| Modifying agency | DLC |
| 050 00 - LIBRARY OF CONGRESS CALL NUMBER | |
| Classification number | QA76.585 |
| Item number | .W375 2015 |
| 082 00 - DEWEY DECIMAL CLASSIFICATION NUMBER | |
| Classification number | 004.6/782 |
| Edition number | 23 |
| 092 04 - LOCALLY ASSIGNED DEWEY CALL NUMBER (OCLC) | |
| Classification number | 004.6782 |
| Item number | W312 |
| Edition number | 21 |
| 099 ## - LOCAL FREE-TEXT CALL NUMBER (OCLC) | |
| Classification number | 04 |
| -- | 004.6782 W312 |
| 100 1# - MAIN ENTRY--PERSONAL NAME | |
| Personal name | Waschke, Marvin, |
| Relator term | author. |
| 245 10 - TITLE STATEMENT | |
| Title | How clouds hold it together : |
| Remainder of title | integrating architecture with cloud deployment / |
| Statement of responsibility, etc. | Marvin Waschke. |
| 260 ## - PUBLICATION, DISTRIBUTION, ETC. | |
| Place of publication, distribution, etc. | [Berkeley, CA] : |
| Name of publisher, distributor, etc. | Apress, |
| Date of publication, distribution, etc. | 2015. |
| 300 ## - PHYSICAL DESCRIPTION | |
| Extent | xiv, 373 pages : |
| Other physical details | illustrations ; |
| Dimensions | 23 cm |
| 650 #0 - SUBJECT ADDED ENTRY--TOPICAL TERM | |
| Topical term or geographic name entry element | Cloud computing. |
| 650 #0 - SUBJECT ADDED ENTRY--TOPICAL TERM | |
| Topical term or geographic name entry element | Information technology |
| General subdivision | Management. |
| 856 41 - ELECTRONIC LOCATION AND ACCESS | |
| Materials specified | Table of contents only |
| Uniform Resource Identifier | <a href="https://www.loc.gov/catdir/enhancements/fy1619/2016439343-t.html">https://www.loc.gov/catdir/enhancements/fy1619/2016439343-t.html</a> |
| 856 42 - ELECTRONIC LOCATION AND ACCESS | |
| Materials specified | Contributor biographical information |
| Uniform Resource Identifier | <a href="https://www.loc.gov/catdir/enhancements/fy1619/2016439343-b.html">https://www.loc.gov/catdir/enhancements/fy1619/2016439343-b.html</a> |
| 856 42 - ELECTRONIC LOCATION AND ACCESS | |
| Materials specified | Publisher description |
| Uniform Resource Identifier | <a href="https://www.loc.gov/catdir/enhancements/fy1619/2016439343-d.html">https://www.loc.gov/catdir/enhancements/fy1619/2016439343-d.html</a> |
| 902 ## - LOCAL DATA ELEMENT B, LDB (RLIN) | |
| No. of Items | 1 |
| 905 ## - LOCAL DATA ELEMENT E, LDE (RLIN) | |
| Cataloger | Eman |
| Reviser | Rev. |
| 905 ## - LOCAL DATA ELEMENT E, LDE (RLIN) | |
| Cataloger | Rana |
| Reviser | Cat. |
| 942 ## - ADDED ENTRY ELEMENTS (KOHA) | |
| Source of classification or shelving scheme | Dewey Decimal Classification |
| Koha item type | Books |
| Source of classification or shelving scheme | Not for loan | Home library | Current library | Date acquired | Full call number | Barcode | Date last seen | Copy number | Koha item type |
|---|---|---|---|---|---|---|---|---|---|
| Dewey Decimal Classification | المكتبة المركزبة الجديدة - جامعة القاهرة | قاعة الكتب - الدور الثاني | 11.02.2024 | 004.6782 W312 | 01000110201922000 | 23.09.2023 | C.1 | Books |